| 000 | 00416nam a2200181Ia 4500 | ||
|---|---|---|---|
| 008 | 210210b1962 xxu||||| |||| 00| 0 eng d | ||
| 041 | _aeng | ||
| 082 | _a331/59 | ||
| 100 | _aEINZIG (Paul) | ||
| 245 | _aHistory of foreign exchange | ||
| 260 |
_aLondon _bMacmillan & Co. Ltd. _c1962 |
||
| 650 | _aof | ||
| 650 | _aHistory | ||
| 650 | _aforeign | ||
| 650 | _aexchange | ||
| 690 | _aBanking | ||
| 906 | _a003961 | ||
| 999 |
_c121978 _d121978 |
||